02129 a2200241 45000010006000000050017000060080041000230030015000640400040000790800036001192450042001552500012001972640055002093000019002645051362002839420007016455900036016521000021016887000029017097000022017389990015017609520112017755900920260407155844.0260407a1963 arg spa dAR-UNSa-BCEJYS aAR-UNSa-BCEJYSbspacAR-UNSa-BCEJYS a330.35xCrecimiento económico10aPolítica fiscal y ciclo económico a3a. ed. 1aBuenos Aires :bFondo de Cultura Económicac1963 a381 p.c22 cm. aParte I: Explicación de la década 1930-1939: 1. La década 1930-1939 y los ciclos económicos anteriores – 2. Inversión y consumo (1920-1939) – 3. La política monetaria durante la depresión – 4. La política fiscal en la recuperación – 5. La recuperación en Gran Bretaña – Parte II: El papel cambiante de la política fiscal: 6. Antigua y moderna política fiscal – 7. Carácter variable de los gastos públicos – 8. La estructura fiscal – 9. Desarrollo y papel de la deuda pública – 10. Teoría y práctica presupuestales – Parte III: Política fiscal y ocupación plena de los recursos: 11. El modulo cíclico del consumo y el ingreso – 12. Fomento monetario y política fiscal compensatoria – 13. Política fiscal compensatoria – 14. La economía dinámica frente a la de corriente circular – 15. Flexibilidad de los precios y ocupación plena de los recursos – Parte IV: Incentivos a la inversión pasado y presente: 16. Papel de las inversiones en la economía moderna – 17. Expansión extensiva e intensiva – 18. Primeros métodos de financiamiento – 19. El efecto de la estructura impositiva sobre la inversión – 20. La economía dual – Parte V: La economía de la postguerra: 21. Ocupación plena en la postguerra – 22. Consumo e ingreso nacional en la postguerra cBK aniveau_biblio:m niveau_hierar:01 aHansen, Alvin H.1 aFernández Maza, Rafael1 aLara, Cristóbal c6562d6562 00104070aBCEJYSbBCEJYSc16d2026-04-07l0o330.35 H249 3ed.pL24418r2026-04-07 15:58:44w2026-04-07yL